01724nkm a2200301za 450000100060000000300040000600500170001000700070002700800410003404000110007524500890008626000150017530000480019050001570023850001530039550001570054850000590070551001280076460000410089261000850093365100250101865500420104385200120108585601500109794200250124795201330127299900170140584428OSt20260416123909.0kh bo 250407s1909 sp ||||| |||| 00| i|spa d cM-RABA0 a[El Señor atado a la columna y la contrición de San Pedro]h[Material gráfico] c[ca. 1909] a1 fotografíab: fototipiac; 19 x 27,5 cm aReproducción fotográfica de la obra "El Señor atado a la columna y la contrición de San Pedro", atribuido al pintor Luis de Morales "El Divino". aLa tabla original se conservó en la Iglesia madrileña de San Isidro hasta 1936, cuando el templo jesuita fue incendiado durante la guerra civil. aLa fototipia pertenece al artículo: Mélida, J. R.: “Un Morales y un Goya existentes en la Catedral de Madrid”, en B.S.E.E., T. XVII, 1909, p. 1. aFecha probable, tomada de la publicación en el BSEE. aMélida, José Ramón: “Un Morales y un Goya existentes en la Catedral de Madrid”, en B.S.E.E., T. XVII, 1909, p. 1.17aMorales, Luis de d(1509-1586)9126624aReal Colegiata de San Isidro y Nuestra Señora del Buen Consejo (Madrid)965551 7aMadrid2embne975182 7aFotografías de obras de arte975675 jFot-545 3Fot-545uhttps://archivoybiblioteca.realacademiabellasartessanfernando.com/cgi-bin/koha/opac-retrieve-file.pl?id=c41d3651d7c72b68c9fa55796b45a9d2 2ddccFOTOGRAFÍAn0 00102ddc40708FOTOGRAFIAaRABASFbRABASFcDP2d2025-04-08l0oFot-545p1095303r2025-04-08 10:06:36w2025-04-08yFOTOGRAFÍA c84428d84428